Kỹ thuật nuôi rắn ri voi
Cung cấp những đặc tính sinh học, kỹ thuật sinh sản ương dưỡng và nuôi thương phẩm rắn ri voi; Một số bệnh ở rắn nuôi và cách phòng trị
Wedi'i Gadw mewn:
| Prif Awdur: | |
|---|---|
| Fformat: | Llyfr |
| Iaith: | Undetermined |
| Cyhoeddwyd: |
Hà Nội
Mỹ thuật
2013
|
| Pynciau: | |
| Tagiau: |
Ychwanegu Tag
Dim Tagiau, Byddwch y cyntaf i dagio'r cofnod hwn!
|
| Thư viện lưu trữ: | Trung tâm Học liệu Trường Đại học Cần Thơ |
|---|
| LEADER | 00803nam a2200217Ia 4500 | ||
|---|---|---|---|
| 001 | CTU_207329 | ||
| 008 | 210402s9999 xx 000 0 und d | ||
| 020 | |c 30000 | ||
| 082 | |a 639.396 | ||
| 082 | |b V308 | ||
| 100 | |a Việt Chương | ||
| 245 | 0 | |a Kỹ thuật nuôi rắn ri voi | |
| 245 | 0 | |c Việt Chương, Phúc Quyên | |
| 260 | |a Hà Nội | ||
| 260 | |b Mỹ thuật | ||
| 260 | |c 2013 | ||
| 520 | |a Cung cấp những đặc tính sinh học, kỹ thuật sinh sản ương dưỡng và nuôi thương phẩm rắn ri voi; Một số bệnh ở rắn nuôi và cách phòng trị | ||
| 650 | |a Con rắn,Snakes | ||
| 650 | |x Chăn nuôi,Breeding | ||
| 904 | |i Hải | ||
| 980 | |a Trung tâm Học liệu Trường Đại học Cần Thơ | ||